[Event "146 Stay Safe Play From Home series"]
[Site "T#646011Emanuel Laske"]
[Date "2020.05.13"]
[Round "6"]
[White "Greblah"]
[Black "Chase the sun"]
[Result "1-0"]
[WhiteElo "1877"]
[BlackElo "1840"]
[Annotator "NA"]
[PlyCount "93"]
[EventDate "2020.05.13"]
[EventType "swiss (blitz)"]

1. e4 {[%emt 0:00:01]} e6 {[%emt 0:00:01]} 2. Qe2 {[%emt 0:00:02]} d5 {[%emt 0:00:00]} 3. exd5 {[%emt 0:00:01]} Qxd5 {[%emt 0:00:02]} 4. Nc3 {[%emt 0:00:00]} Qd8 {[%emt 0:00:01]} 5. g3 {[%emt 0:00:01]} h6 {[%emt 0:00:01]} 6. Bg2 {[%emt 0:00:01]} Nf6 {[%emt 0:00:00]} 7. Nf3 {[%emt 0:00:01]} Be7 {[%emt 0:00:01]} 8. d4 {[%emt 0:00:01]} O-O {[%emt 0:00:00]} 9. Be3 {[%emt 0:00:01]} Nc6 {[%emt 0:00:01]} 10. O-O {[%emt 0:00:00]} b6 {[%emt 0:00:01]} 11. Rad1 {[%emt 0:00:01]} Bb7 {[%emt 0:00:01]} 12. Ne5 {[%emt 0:00:00]} Nxe5 {[%emt 0:00:02]} 13. dxe5 {[%emt 0:00:01]} Bxg2 {[%emt 0:00:02]} 14. Kxg2 {[%emt 0:00:01]} Nd5 {[%emt 0:00:02]} 15. Nxd5 {[%emt 0:00:01]} exd5 {[%emt 0:00:00]} 16. c3 {[%emt 0:00:01]} c6 {[%emt 0:00:01]} 17. Qd2 {[%emt 0:00:01]} Bg5 {[%emt 0:00:02]} 18. Bxg5 {[%emt 0:00:01]} Qxg5 {[%emt 0:00:00]} 19. Qxg5 {[%emt 0:00:01]} hxg5 {[%emt 0:00:00]} 20. f4 {[%emt 0:00:01]} gxf4 {[%emt 0:00:03]} 21. Rxf4 {[%emt 0:00:00]} Rae8 {[%emt 0:00:02]} 22. Re1 {[%emt 0:00:01]} Re6 {[%emt 0:00:01]} 23. Rf5 {[%emt 0:00:02]} Rfe8 {[%emt 0:00:01]} 24. Kf3 {[%emt 0:00:02]} f6 {[%emt 0:00:01]} 25. Kf4 {[%emt 0:00:02]} g5+ {[%emt 0:00:05]} 26. Kg4 {[%emt 0:00:04]} Rxe5 {[%emt 0:00:02]} 27. Rexe5 {[%emt 0:00:02]} Rxe5 {[%emt 0:00:02]} 28. Rxf6 {[%emt 0:00:03]} Kg7 {[%emt 0:00:04]} 29. Rxc6 {[%emt 0:00:01]} Re2 {[%emt 0:00:02]} 30. Rc7+ {[%emt 0:00:01]} Kf6 {[%emt 0:00:01]} 31. Rc6+ {[%emt 0:00:01]} Ke5 {[%emt 0:00:01]} 32. Rc7 {[%emt 0:00:01]} Rxh2 {[%emt 0:00:01]} 33. Rxa7 {[%emt 0:00:01]} Rxb2 {[%emt 0:00:01]} 34. Kxg5 {[%emt 0:00:00]} Rc2 {[%emt 0:00:02]} 35. Re7+ {[%emt 0:00:01]} Kd6 {[%emt 0:00:01]} 36. Rg7 {[%emt 0:00:01]} Rxc3 {[%emt 0:00:01]} 37. Rg6+ {[%emt 0:00:00]} Kc5 {[%emt 0:00:01]} 38. g4 {[%emt 0:00:00]} d4 {[%emt 0:00:03]} 39. Rg8 {[%emt 0:00:01]} d3 {[%emt 0:00:00]} 40. Rc8+ {[%emt 0:00:01]} Kb4 {[%emt 0:00:01]} 41. Rd8 {[%emt 0:00:01]} Ka3 {[%emt 0:00:02]} 42. Kf6 {[%emt 0:00:02]} Kxa2 {[%emt 0:00:00]} 43. g5 {[%emt 0:00:00]} b5 {[%emt 0:00:00]} 44. g6 {[%emt 0:00:01]} b4 {[%emt 0:00:00]} 45. g7 {[%emt 0:00:00]} b3 {[%emt 0:00:00]} 46. g8=Q {[%emt 0:00:01]} Rc2 {[%emt 0:00:03]} 47. Ra8+ {[%emt 0:00:00] Zeit (Lag: Av=0.35s, max=0.5s)} 1-0

[Event "146 Stay Safe Play From Home series"]
[Site "T#646011Emanuel Laske"]
[Date "2020.05.13"]
[Round "6"]
[White "Lucknow"]
[Black "UHU4"]
[Result "1-0"]
[WhiteElo "1752"]
[BlackElo "1549"]
[Annotator "NA"]
[PlyCount "43"]
[EventDate "2020.05.13"]
[EventType "swiss (blitz)"]

1. d4 {[%emt 0:00:01]} d5 {[%emt 0:00:01]} 2. c4 {[%emt 0:00:00]} e5 {[%emt 0:00:01]} 3. e3 {[%emt 0:00:00]} Nf6 {[%emt 0:00:02]} 4. dxe5 {[%emt 0:00:03]} Ng4 {[%emt 0:00:01]} 5. Qxd5 {[%emt 0:00:02]} Qd6 {[%emt 0:00:04]} 6. exd6 {[%emt 0:00:02]} Bxd6 {[%emt 0:00:02]} 7. Nf3 {[%emt 0:00:01]} O-O {[%emt 0:00:02]} 8. Be2 {[%emt 0:00:01]} Be6 {[%emt 0:00:02]} 9. Qd1 {[%emt 0:00:02]} Nc6 {[%emt 0:00:02]} 10. h3 {[%emt 0:00:02]} Nf6 {[%emt 0:00:02]} 11. Bd2 {[%emt 0:00:01]} Rad8 {[%emt 0:00:02]} 12. O-O {[%emt 0:00:00]} Ne4 {[%emt 0:00:03]} 13. Qb3 {[%emt 0:00:04]} b6 {[%emt 0:00:09]} 14. Nd4 {[%emt 0:00:05]} Nxd2 {[%emt 0:00:04]} 15. Nxd2 {[%emt 0:00:02]} Nxd4 {[%emt 0:00:06]} 16. exd4 {[%emt 0:00:01]} Bf4 {[%emt 0:00:04]} 17. Qc2 {[%emt 0:00:02]} g6 {[%emt 0:00:05]} 18. Nf3 {[%emt 0:00:02]} Bf5 {[%emt 0:00:01]} 19. Bd3 {[%emt 0:00:02]} Bc8 {[%emt 0:00:01]} 20. b3 {[%emt 0:00:02]} Bb7 {[%emt 0:00:02]} 21. Be4 {[%emt 0:00:01]} Bc8 {[%emt 0:00:03]} 22. Rad1 {[%emt 0:00:02] Tiempo '} 1-0

[Event "146 Stay Safe Play From Home series"]
[Site "T#646011Emanuel Laske"]
[Date "2020.05.13"]
[Round "6"]
[White "Matanant"]
[Black "SecantFX"]
[Result "0-1"]
[WhiteElo "1602"]
[BlackElo "1870"]
[Annotator "NA"]
[PlyCount "88"]
[EventDate "2020.05.13"]
[EventType "swiss (blitz)"]

1. b3 {[%emt 0:00:02]} b6 {[%emt 0:00:00]} 2. Bb2 {[%emt 0:00:01]} Bb7 {[%emt 0:00:00]} 3. d3 {[%emt 0:00:00]} f6 {[%emt 0:00:00]} 4. e4 {[%emt 0:00:00]} e5 {[%emt 0:00:00]} 5. f4 {[%emt 0:00:01]} Ne7 {[%emt 0:00:00]} 6. Nf3 {[%emt 0:00:01]} d6 {[%emt 0:00:01]} 7. fxe5 {[%emt 0:00:01]} dxe5 {[%emt 0:00:00]} 8. Be2 {[%emt 0:00:01]} c5 {[%emt 0:00:01]} 9. O-O {[%emt 0:00:00]} Nbc6 {[%emt 0:00:01]} 10. Nh4 {[%emt 0:00:02]} Nd4 {[%emt 0:00:00]} 11. Bh5+ {[%emt 0:00:02]} g6 {[%emt 0:00:01]} 12. Be2 {[%emt 0:00:02]} Bg7 {[%emt 0:00:01]} 13. Nd2 {[%emt 0:00:03]} Nxe2+ {[%emt 0:00:01]} 14. Qxe2 {[%emt 0:00:02]} O-O {[%emt 0:00:00]} 15. g3 {[%emt 0:00:04]} Nc6 {[%emt 0:00:00]} 16. Ng2 {[%emt 0:00:01]} Nd4 {[%emt 0:00:00]} 17. Bxd4 {[%emt 0:00:01]} Qxd4+ {[%emt 0:00:02]} 18. Kh1 {[%emt 0:00:03]} b5 {[%emt 0:00:00]} 19. Nf3 {[%emt 0:00:02]} Qc3 {[%emt 0:00:01]} 20. Rac1 {[%emt 0:00:03]} Rad8 {[%emt 0:00:02]} 21. a4 {[%emt 0:00:02]} bxa4 {[%emt 0:00:01]} 22. bxa4 {[%emt 0:00:00]} Ba6 {[%emt 0:00:02]} 23. Qd2 {[%emt 0:00:02]} Qa3 {[%emt 0:00:02]} 24. Ra1 {[%emt 0:00:02]} Qb4 {[%emt 0:00:01]} 25. Qxb4 {[%emt 0:00:01]} cxb4 {[%emt 0:00:00]} 26. a5 {[%emt 0:00:01]} Bxd3 {[%emt 0:00:03]} 27. cxd3 {[%emt 0:00:02]} Rxd3 {[%emt 0:00:00]} 28. Rad1 {[%emt 0:00:03]} Rfd8 {[%emt 0:00:03]} 29. Rxd3 {[%emt 0:00:01]} Rxd3 {[%emt 0:00:00]} 30. Kg1 {[%emt 0:00:01]} b3 {[%emt 0:00:01]} 31. Kf2 {[%emt 0:00:01]} Bf8 {[%emt 0:00:01]} 32. Rb1 {[%emt 0:00:00]} Ba3 {[%emt 0:00:01]} 33. Ke2 {[%emt 0:00:01]} Rc3 {[%emt 0:00:01]} 34. Nd2 {[%emt 0:00:02]} Rc2 {[%emt 0:00:01]} 35. Kd3 {[%emt 0:00:01]} Rxd2+ {[%emt 0:00:09]} 36. Kxd2 {[%emt 0:00:01]} b2 {[%emt 0:00:00]} 37. Kc2 {[%emt 0:00:02]} f5 {[%emt 0:00:01]} 38. exf5 {[%emt 0:00:03]} gxf5 {[%emt 0:00:01]} 39. Ne3 {[%emt 0:00:00]} Bb4 {[%emt 0:00:01]} 40. Nc4 {[%emt 0:00:00]} Bc3 {[%emt 0:00:02]} 41. Nxb2 {[%emt 0:00:00]} Bd4 {[%emt 0:00:00]} 42. Ra1 {[%emt 0:00:01]} f4 {[%emt 0:00:00]} 43. Ra4 {[%emt 0:00:00]} fxg3 {[%emt 0:00:00]} 44. Kd3 {[%emt 0:00:00]} g2 {[%emt 0:00:01] Time (Lag: Av=0.57s, max=1.4s)} 0-1

[Event "146 Stay Safe Play From Home series"]
[Site "T#646011Emanuel Laske"]
[Date "2020.05.13"]
[Round "6"]
[White "Tobo Rubirosa"]
[Black "Weltszmerc"]
[Result "0-1"]
[WhiteElo "1527"]
[BlackElo "2106"]
[Annotator "TA"]
[PlyCount "50"]
[EventDate "2020.05.13"]
[EventType "swiss (blitz)"]

{[%evp 17,49,23,20,-58,45,-382,-372,-484,-492,-862,-835,-1012,-1006,-999,-978,-1747,-1775,-1842,-1345,-1837,-1822,-2950,-1745,-1631,-1629,-2630,-2601,-2427,-2355,-29999,-29987,-29998,-29999,-29999]} 1. Nf3 Nf6 2. d4 d5 3. c4 c6 4. Qc2 dxc4 5. Qxc4 b5 6. Qc2 e6 7. g3 Be7 8. Bg2 O-O 9. O-O Bb7 {[#]} 10. Ne5 $146 {D30: Queen's Gambit Declined: Systems without Nc3.} (10. Nc3 $11) ({Predecessor:} 10. Bg5 Nbd7 11. Bxf6 Bxf6 12. Nbd2 c5 13. dxc5 Rc8 14. Nb3 Bd5 15. Ne1 Bxb3 16. Qxb3 Nxc5 17. Qxb5 Qb6 18. Qxb6 axb6 {½-½ (30) Esipenko,A (2654)-Wang,H (2758) Caleta 2020}) 10... a6 ({Black should try} 10... Qxd4 $15 11. Bf4 Qb6) 11. Nxc6 $2 {[%mdl 8192]} (11. Be3 $14 {keeps the upper hand.}) 11... Nxc6 $19 12. Bxc6 {Black is winning.} Rc8 13. Bxb7 (13. Nd2 $142) 13... Rxc2 14. Na3 Bxa3 15. bxa3 Qxd4 16. Bxa6 Qxa1 {[%mdl 64] [#] Double Attack} 17. Be3 Rxa2 18. Bxb5 Qe5 19. Bf4 Qc5 20. a4 Nd5 21. Bc1 Nc3 22. Be3 Qd5 23. Bc6 Qxc6 {[%cal Rc3e2] Black mates.} 24. Rc1 Nxe2+ {[%mdl 64] [#] Double Attack, Discovered Attack} 25. Kf1 Qh1# {White got outplayed after the opening} 0-1

[Event "146 Stay Safe Play From Home series"]
[Site "T#646011Emanuel Laske"]
[Date "2020.05.13"]
[Round "6"]
[White "Pokerpapi"]
[Black "Edmatuag"]
[Result "0-1"]
[WhiteElo "1504"]
[BlackElo "1642"]
[Annotator "NA"]
[PlyCount "66"]
[EventDate "2020.05.13"]
[EventType "swiss (blitz)"]

1. e4 {[%emt 0:00:02]} c6 {[%emt 0:00:01]} 2. d4 {[%emt 0:00:03]} d5 {[%emt 0:00:00]} 3. e5 {[%emt 0:00:00]} Bf5 {[%emt 0:00:01]} 4. Nf3 {[%emt 0:00:00]} e6 {[%emt 0:00:01]} 5. Nc3 {[%emt 0:00:01]} Ne7 {[%emt 0:00:02]} 6. h3 {[%emt 0:00:00]} Bg6 {[%emt 0:00:01]} 7. Bg5 {[%emt 0:00:05]} Nd7 {[%emt 0:00:01]} 8. Be2 {[%emt 0:00:03]} c5 {[%emt 0:00:01]} 9. Qd2 {[%emt 0:00:02]} Qb6 {[%emt 0:00:01]} 10. dxc5 {[%emt 0:00:02]} Nxc5 {[%emt 0:00:01]} 11. b3 {[%emt 0:00:01]} Ne4 {[%emt 0:00:01]} 12. Qf4 {[%emt 0:00:05]} Nxc3 {[%emt 0:00:04]} 13. Bd3 {[%emt 0:00:07]} Nf5 {[%emt 0:00:02]} 14. O-O {[%emt 0:00:05]} Bc5 {[%emt 0:00:02]} 15. Kh2 {[%emt 0:00:02]} Ne4 {[%emt 0:00:01]} 16. Bxe4 {[%emt 0:00:02]} dxe4 {[%emt 0:00:00]} 17. Nd2 {[%emt 0:00:01]} e3 {[%emt 0:00:02]} 18. Nc4 {[%emt 0:00:02]} Qc6 {[%emt 0:00:03]} 19. fxe3 {[%emt 0:00:02]} b5 {[%emt 0:00:02]} 20. Nd6+ {[%emt 0:00:00]} Nxd6 {[%emt 0:00:02]} 21. exd6 {[%emt 0:00:00]} Bxd6 {[%emt 0:00:00]} 22. Kh1 {[%emt 0:00:05]} Bxf4 {[%emt 0:00:01]} 23. Bxf4 {[%emt 0:00:00]} Be4 {[%emt 0:00:01]} 24. Rf2 {[%emt 0:00:02]} O-O {[%emt 0:00:01]} 25. Rc1 {[%emt 0:00:01]} Rfd8 {[%emt 0:00:01]} 26. c4 {[%emt 0:00:02]} Rd7 {[%emt 0:00:02]} 27. c5 {[%emt 0:00:01]} Rad8 {[%emt 0:00:02]} 28. Kh2 {[%emt 0:00:00]} Rd2 {[%emt 0:00:01]} 29. Kg3 {[%emt 0:00:00]} Rxf2 {[%emt 0:00:02]} 30. Kxf2 {[%emt 0:00:00]} Rd2+ {[%emt 0:00:01]} 31. Kg3 {[%emt 0:00:00]} Rxg2+ {[%emt 0:00:01]} 32. Kh4 {[%emt 0:00:02]} f6 {[%emt 0:00:01] '} 33. Rg1 {[%emt 0:00:01]} g5+ {[%emt 0:00:01] Zeit (Lag: Av=0.42s, max=0.9s) .} 0-1

[Event "146 Stay Safe Play From Home series"]
[Site "T#646011Emanuel Laske"]
[Date "2020.05.13"]
[Round "7"]
[White "Onlyforchess"]
[Black "Lamborghini"]
[Result "0-1"]
[WhiteElo "2534"]
[BlackElo "2319"]
[Annotator "TA"]
[PlyCount "42"]
[EventDate "2020.05.13"]
[EventType "swiss (blitz)"]

{[%evp 9,41,51,63,-37,-29,-74,4,0,0,0,40,56,29,-47,-52,-96,-22,-237,26,-78,-102,-304,-315,-310,-309,-313,-303,-527,-534,-657,-527,-2952,-2542,-29999]} 1. e4 g6 2. d4 Bg7 3. Nc3 c5 4. Be3 Qa5 5. Nf3 Nf6 6. e5 {B27: Sicilian: 2 Nf3, unusual Black 2nd moves.} ({Of course not} 6. dxc5 Nxe4 7. Bd4 Nxc3 $15) (6. Qd2 $14) 6... Ng4 $15 7. Bc4 {[#]} Nxe3 $146 ({Better is} 7... cxd4 $17 8. Bxd4 (8. Qxd4 Nxe5 9. Nxe5 Bxe5 $15) 8... O-O) ({Predecessor:} 7... O-O 8. O-O cxd4 9. Bxd4 Nc6 10. Nd5 e6 11. Nf6+ Nxf6 12. exf6 Bh8 13. Bc3 Qd8 {1-0 (53) Burtasova,A (2299)-Okun,L (2272) Thessaloniki 2009}) 8. fxe3 $11 {The position is equal.} O-O 9. Qd3 d6 10. exd6 exd6 11. O-O-O ({White should play} 11. O-O $11) 11... Nc6 $15 12. Rhf1 b5 (12... cxd4 $17 13. exd4 Bh6+ 14. Kb1 Bf5) 13. Nxb5 $2 {[#]} (13. Bxf7+ $11 {and White is okay.} Rxf7 14. Qe4) 13... Nb4 $2 (13... d5 $1 $19 {[%cal Rd5c4][%mdl 512]} 14. Bxd5 Nb4) 14. Qb3 {[#]} (14. Qa3 $1 $11 {keeps the balance.} Qb6 15. c3) 14... d5 $1 $36 {[%cal Rd5c4][%mdl 2048] Black is in control.} 15. Bxd5 $2 (15. Qa3 $17 Qxa3 16. bxa3 dxc4 17. axb4 cxb4 18. e4) 15... Nxd5 $19 16. Qxd5 {[#]} Be6 $1 {[%cal Re6d5]} 17. Qxc5 Rfc8 18. Qa3 $2 (18. Nc7 Qxc5 19. dxc5 Rxc7 20. b3) 18... Qxb5 19. Rf2 Rab8 {...Bf8 is the strong threat.} 20. Rfd2 Bf8 21. Qd3 Qxb2# {Accuracy: White =  9%, Black = 62%.} 0-1

[Event "146 Stay Safe Play From Home series"]
[Site "T#646011Emanuel Laske"]
[Date "2020.05.13"]
[Round "7"]
[White "Rohit2007"]
[Black "Little champs"]
[Result "1-0"]
[WhiteElo "2264"]
[BlackElo "2116"]
[Annotator "TA"]
[PlyCount "97"]
[EventDate "2020.05.13"]
[EventType "swiss (blitz)"]

{[%evp 10,96,35,31,20,15,15,20,43,14,16,12,18,12,29,18,58,33,110,39,119,42,218,213,210,208,205,219,219,209,220,210,224,210,210,204,278,193,261,11,11,8,10,8,77,13,344,344,445,434,491,379,697,691,842,824,1458,1392,29979,29979,29991,29992,29994,29995,29996,29996,29996,29983,29983,29984,29987,29988,29988,29988,29990,29991,29993,29993,29993,29990,29995,29996,29996,29997,29997,29997,29999,29998,29999]} 1. e4 c6 2. Nf3 d5 3. Nc3 dxe4 4. Nxe4 Nf6 5. Qe2 Nxe4 6. Qxe4 Qd5 {[#] B11: Caro-Kann: Two Knights Variation.} 7. d3 $146 (7. Qf4 {with more complications.} Qf5 8. d3 Qxf4 9. Bxf4 Bf5 10. Be2) ({Predecessor:} 7. Qh4 Qe6+ 8. Be2 Qg4 9. Qg3 Qxg3 10. hxg3 g6 11. d4 h5 12. Bg5 Bg7 13. O-O-O Bg4 14. Rhe1 {½-½ (48) Mamedov,R (2659)-Nihal,S (2612) Moscow 2019}) 7... Qxe4+ 8. dxe4 Bg4 {The position is equal.} 9. Bc4 Bxf3 10. gxf3 e6 11. Ke2 $36 {[%mdl 2048] White has good play.} Be7 12. Bf4 O-O 13. Rhg1 Nd7 (13... Rd8 $14) 14. Rad1 ({White should play} 14. Bh6 $1 $16 {And now Bxe6! would win.} Bf6 15. Rxg7+ $1 {[%mdl 512]} Bxg7 16. Rg1) 14... Nf6 {[#]} ({Black should try} 14... Nb6 $1 $14) 15. e5 ({Better is} 15. Bh6 $1 $16 {[%cal Rh6g7]} Nh5 16. Rd7) 15... Nd5 $2 (15... Nh5 $1 $14 16. Be3 Rad8) 16. Bh6 g6 17. Bxf8 Bxf8 18. Bxd5 cxd5 $18 {[%mdl 4096] Endgame KRR-KRB} 19. c4 dxc4 20. Rd7 b5 21. Rb7 a6 22. Rd1 Bg7 23. Rdd7 Rf8 (23... Bxe5 {might work better.} 24. Rxf7 Bxb2 25. Rxh7 Bc3) 24. Ra7 $2 (24. f4 $18) 24... Bxe5 $11 {[%mdl 64] Double Attack} 25. Rxa6 {Threatens to win with Rb6.} Bxb2 26. Rb6 c3 {[#]} (26... Rc8 $11 27. Rbb7 c3) 27. Kd3 (27. Rc7 $1 $16) 27... e5 $2 {[%mdl 8192] Black is on the road to losing.} (27... Rc8 $11 28. Kc2 Rc5) 28. Rxb5 $18 Ra8 29. Rbb7 Rf8 30. Kc2 h5 $2 (30... Ba3 31. Kxc3 h5) 31. a4 g5 32. a5 Kg7 33. a6 e4 34. a7 {White mates.} exf3 35. Rb8 Rxb8 36. axb8=Q g4 37. Qe5+ Kg6 38. Rxf7 Kxf7 39. Qxh5+ Ke6 40. Qxg4+ Kd5 41. Qxf3+ Kc4 42. h4 Kb4 43. h5 Bc1 44. h6 Bd2 45. h7 Bh6 46. h8=Q {[%mdl 64] Double Attack} Bg7 47. Qh4+ Ka3 48. Qf5 {[%cal Rf5a5]} Bd4 49. Qa5# {Accuracy: White = 58%, Black = 33%.} 1-0

[Event "146 Stay Safe Play From Home series"]
[Site "T#646011Emanuel Laske"]
[Date "2020.05.13"]
[Round "7"]
[White "Mepe_Nika"]
[Black "Don59as"]
[Result "1-0"]
[WhiteElo "2251"]
[BlackElo "2046"]
[Annotator "RC"]
[PlyCount "111"]
[EventDate "2020.05.13"]
[EventType "swiss (blitz)"]

1. d4 {[%emt 0:00:01]} d5 {[%emt 0:00:01]} 2. Bf4 {[%emt 0:00:01]} e6 {[%emt 0:00:01]} 3. e3 {[%emt 0:00:01]} g6 {[%emt 0:00:00]} 4. h4 {[%emt 0:00:01]} h5 {[%emt 0:00:02]} 5. Nf3 {[%emt 0:00:01]} Bg7 {[%emt 0:00:01]} 6. Ne5 {[%emt 0:00:01]} Nf6 {[%emt 0:00:01]} 7. Be2 {[%emt 0:00:01]} Nbd7 {[%emt 0:00:01]} 8. Nd2 {[%emt 0:00:01]} Nxe5 {[%emt 0:00:01]} 9. dxe5 {[%emt 0:00:03]} Nd7 {[%emt 0:00:03]} 10. Bg5 {[%emt 0:00:01]} f6 {[%emt 0:00:01]} 11. exf6 {[%emt 0:00:01]} Bxf6 {[%emt 0:00:00]} 12. Nf3 {[%emt 0:00:02]} b6 {[%emt 0:00:02]} 13. Qd3 {[%emt 0:00:01]} Rg8 {[%emt 0:00:03]} 14. O-O-O {[%emt 0:00:02]} Bb7 {[%emt 0:00:01]} 15. Kb1 {[%emt 0:00:01]} Qe7 {[%emt 0:00:01]} 16. Nd4 {[%emt 0:00:01]} O-O-O {[%emt 0:00:02]} 17. f4 {[%emt 0:00:01]} Nc5 {[%emt 0:00:01]} 18. Qa3 {[%emt 0:00:01]} Bxg5 {[%emt 0:00:01]} 19. hxg5 {[%emt 0:00:01]} Kb8 {[%emt 0:00:02]} 20. b4 {[%emt 0:00:04]} Ne4 {[%emt 0:00:01]} 21. Ba6 {[%emt 0:00:01]} c5 {[%emt 0:00:03]} 22. bxc5 {[%emt 0:00:02]} Qxc5 {[%emt 0:00:01]} 23. Qxc5 {[%emt 0:00:01]} Nxc5 {[%emt 0:00:02]} 24. Bxb7 {[%emt 0:00:01]} Kxb7 {[%emt 0:00:00]} 25. Kb2 {[%emt 0:00:02]} Rde8 {[%emt 0:00:01]} 26. c3 {[%emt 0:00:01]} Ne4 {[%emt 0:00:01]} 27. Rd3 {[%emt 0:00:02]} Ng3 {[%emt 0:00:01]} 28. Rc1 {[%emt 0:00:01]} Nf5 {[%emt 0:00:01]} 29. c4 {[%emt 0:00:02]} dxc4 {[%emt 0:00:01]} 30. Rxc4 {[%emt 0:00:00]} Nxd4 {[%emt 0:00:01]} 31. Rcxd4 {[%emt 0:00:00]} Re7 {[%emt 0:00:01]} 32. Rd7+ {[%emt 0:00:01]} Rxd7 {[%emt 0:00:01]} 33. Rxd7+ {[%emt 0:00:00]} Kc6 {[%emt 0:00:01]} 34. Rxa7 {[%emt 0:00:01]} e5 {[%emt 0:00:00]} 35. Rf7 {[%emt 0:00:01]} exf4 {[%emt 0:00:01]} 36. exf4 {[%emt 0:00:00]} Re8 {[%emt 0:00:01]} 37. Rf6+ {[%emt 0:00:00]} Kc5 {[%emt 0:00:01]} 38. Rxg6 {[%emt 0:00:01]} Re2+ {[%emt 0:00:00]} 39. Kb3 {[%emt 0:00:01]} Rxg2 {[%emt 0:00:00]} 40. Rf6 {[%emt 0:00:01]} Rg3+ {[%emt 0:00:00]} 41. Kc2 {[%emt 0:00:02]} h4 {[%emt 0:00:00]} 42. Rh6 {[%emt 0:00:02]} h3 {[%emt 0:00:00]} 43. Kd2 {[%emt 0:00:01]} Rg2+ {[%emt 0:00:00]} 44. Ke3 {[%emt 0:00:01]} h2 {[%emt 0:00:00]} 45. Kf3 {[%emt 0:00:01]} Rxa2 {[%emt 0:00:01]} 46. Kg3 {[%emt 0:00:01]} Ra3+ {[%emt 0:00:02]} 47. Kxh2 {[%emt 0:00:01]} Rf3 {[%emt 0:00:01]} 48. Rf6 {[%emt 0:00:01]} b5 {[%emt 0:00:00]} 49. Kg2 {[%emt 0:00:01]} Rd3 {[%emt 0:00:02]} 50. g6 {[%emt 0:00:01]} Rd8 {[%emt 0:00:00]} 51. g7 {[%emt 0:00:02]} Rg8 {[%emt 0:00:01]} 52. Rf7 {[%emt 0:00:01]} Kd6 {[%emt 0:00:01]} 53. f5 {[%emt 0:00:01]} Ke5 {[%emt 0:00:01]} 54. f6 {[%emt 0:00:01]} Ke6 {[%emt 0:00:01]} 55. Rf8 {[%emt 0:00:00]} Rxg7+ {[%emt 0:00:02]} 56. fxg7 {[%emt 0:00:01] Don59as resigns (Lag: Av=0.54s, max=0.7s)} 1-0

[Event "146 Stay Safe Play From Home series"]
[Site "T#646011Emanuel Laske"]
[Date "2020.05.13"]
[Round "7"]
[White "Chessencounter"]
[Black "Tolka"]
[Result "1-0"]
[WhiteElo "2203"]
[BlackElo "2253"]
[Annotator "RC"]
[PlyCount "77"]
[EventDate "2020.05.13"]
[EventType "swiss (blitz)"]

1. b3 {[%emt 0:00:01]} g6 {[%emt 0:00:03]} 2. Bb2 {[%emt 0:00:00]} Nf6 {[%emt 0:00:00]} 3. g4 {[%emt 0:00:01]} Bg7 {[%emt 0:00:01]} 4. h4 {[%emt 0:00:01]} d6 {[%emt 0:00:03]} 5. h5 {[%emt 0:00:03]} gxh5 {[%emt 0:00:01]} 6. g5 {[%emt 0:00:01]} Nbd7 {[%emt 0:00:03]} 7. gxf6 {[%emt 0:00:01]} Nxf6 {[%emt 0:00:00]} 8. Nf3 {[%emt 0:00:02]} Bg4 {[%emt 0:00:01]} 9. Nc3 {[%emt 0:00:01]} Bxf3 {[%emt 0:00:01]} 10. exf3 {[%emt 0:00:00]} Qd7 {[%emt 0:00:00]} 11. Bd3 {[%emt 0:00:01]} O-O-O {[%emt 0:00:03]} 12. Qe2 {[%emt 0:00:01]} Kb8 {[%emt 0:00:01]} 13. O-O-O {[%emt 0:00:01]} e5 {[%emt 0:00:04]} 14. Ne4 {[%emt 0:00:01]} Nxe4 {[%emt 0:00:01]} 15. fxe4 {[%emt 0:00:01]} Bh6 {[%emt 0:00:04]} 16. Rxh5 {[%emt 0:00:01]} Bf4 {[%emt 0:00:00]} 17. Rdh1 {[%emt 0:00:01]} Qc6 {[%emt 0:00:01]} 18. Rxh7 {[%emt 0:00:03]} Rxh7 {[%emt 0:00:01]} 19. Rxh7 {[%emt 0:00:00]} Rg8 {[%emt 0:00:01]} 20. Qf1 {[%emt 0:00:04]} Qb6 {[%emt 0:00:03]} 21. Rxf7 {[%emt 0:00:02]} Qb4 {[%emt 0:00:01]} 22. c3 {[%emt 0:00:01]} Qa5 {[%emt 0:00:02]} 23. Bc4 {[%emt 0:00:01]} Qxa2 {[%emt 0:00:03]} 24. Kc2 {[%emt 0:00:01]} Qa5 {[%emt 0:00:02]} 25. Rxf4 {[%emt 0:00:01]} exf4 {[%emt 0:00:02]} 26. Bxg8 {[%emt 0:00:01]} Qe5 {[%emt 0:00:02]} 27. Bc4 {[%emt 0:00:01]} Qxe4+ {[%emt 0:00:01]} 28. Bd3 {[%emt 0:00:01]} Qe5 {[%emt 0:00:02]} 29. c4 {[%emt 0:00:01]} Qe8 {[%emt 0:00:03]} 30. Qg2 {[%emt 0:00:02]} a6 {[%emt 0:00:01]} 31. Qe4 {[%emt 0:00:01]} Qf8 {[%emt 0:00:01]} 32. Qf5 {[%emt 0:00:01]} Qh6 {[%emt 0:00:02]} 33. Bf6 {[%emt 0:00:02]} Qh2 {[%emt 0:00:01]} 34. Bd4 {[%emt 0:00:02]} c5 {[%emt 0:00:01]} 35. Qf8+ {[%emt 0:00:01]} Ka7 {[%emt 0:00:01]} 36. Qxd6 {[%emt 0:00:01]} cxd4 {[%emt 0:00:02]} 37. Qxd4+ {[%emt 0:00:00]} Kb8 {[%emt 0:00:00]} 38. Be4 {[%emt 0:00:01]} Qh6 {[%emt 0:00:02]} 39. Qe5+ {[%emt 0:00:01] . Czas (Lag: Av=0.58s, max=1.2s)} 1-0